00290nam a2200109 a 450000500170000000800410001702000170005805000180007510000210009324500390011426000270015320140412111301.0110408s19uu xx 00 eng d a002-774770-0 aERbWh55 1988 aPolushkin, Maria aWho said meow? /cMaria Polushkin. aNY :bBradbury,c1988.